<?xml version="1.0" encoding="UTF-8"?>
<record
    xmlns:xsi="http://www.w3.org/2001/XMLSchema-instance"
    xsi:schemaLocation="http://www.loc.gov/MARC21/slim http://www.loc.gov/standards/marcxml/schema/MARC21slim.xsd"
    xmlns="http://www.loc.gov/MARC21/slim">

  <leader>01377nas a2200301 i 4500</leader>
  <controlfield tag="003">DO-SdUA</controlfield>
  <controlfield tag="005">20251217112941.0</controlfield>
  <controlfield tag="007">ta</controlfield>
  <controlfield tag="008">251031e1983    dr b  p|r|   ||   | spa d</controlfield>
  <datafield tag="035" ind1=" " ind2=" ">
    <subfield code="a">(DO-SdUA)43452</subfield>
  </datafield>
  <datafield tag="040" ind1=" " ind2=" ">
    <subfield code="a">DO-SdUA</subfield>
    <subfield code="b">spa</subfield>
    <subfield code="c">DO-SdBNP</subfield>
    <subfield code="d">DO-SdBNP</subfield>
    <subfield code="e">rda</subfield>
  </datafield>
  <datafield tag="041" ind1="0" ind2=" ">
    <subfield code="a">spa</subfield>
  </datafield>
  <datafield tag="110" ind1="1" ind2=" ">
    <subfield code="a">Rep&#xFA;blica Dominicana.</subfield>
    <subfield code="b">Secretar&#xED;a de Estado de Deportes, Educaci&#xF3;n F&#xED;sica y Recreaci&#xF3;n.</subfield>
    <subfield code="b">Centro de Capacitaci&#xF3;n e Iniciaci&#xF3;n Deportiva.</subfield>
    <subfield code="9">88754</subfield>
  </datafield>
  <datafield tag="245" ind1="1" ind2="0">
    <subfield code="a">CECAINDE :</subfield>
    <subfield code="b">revista t&#xE9;cnica :</subfield>
    <subfield code="b">&#xF3;rgano oficial del Centro de Capacitaci&#xF3;n e Iniciaci&#xF3;n Deportiva.</subfield>
  </datafield>
  <datafield tag="264" ind1=" " ind2=" ">
    <subfield code="a">Santo Domingo, Rep&#xFA;blica Dominicana :</subfield>
    <subfield code="b">CECAINDE,</subfield>
    <subfield code="c">1983-</subfield>
  </datafield>
  <datafield tag="300" ind1=" " ind2=" ">
    <subfield code="a">volumen :</subfield>
    <subfield code="b">ilustraciones, gr&#xE1;ficas ; </subfield>
    <subfield code="c">28 cm.</subfield>
  </datafield>
  <datafield tag="310" ind1=" " ind2=" ">
    <subfield code="a">Bimestral.</subfield>
  </datafield>
  <datafield tag="336" ind1=" " ind2=" ">
    <subfield code="a">texto</subfield>
    <subfield code="b">txt</subfield>
    <subfield code="2">rdacontent</subfield>
  </datafield>
  <datafield tag="337" ind1=" " ind2=" ">
    <subfield code="a">sin mediaci&#xF3;n </subfield>
    <subfield code="b">n </subfield>
    <subfield code="2">rdamedia</subfield>
  </datafield>
  <datafield tag="338" ind1=" " ind2=" ">
    <subfield code="a">volumen </subfield>
    <subfield code="b">nc </subfield>
    <subfield code="2">rdacarrier</subfield>
  </datafield>
  <datafield tag="362" ind1=" " ind2=" ">
    <subfield code="a">A&#xF1;o 1, No. 1, enero 1983.</subfield>
  </datafield>
  <datafield tag="500" ind1=" " ind2=" ">
    <subfield code="a">Catalogaci&#xF3;n basada en el volumen: A&#xF1;o 1, No. 1, enero 1983.</subfield>
  </datafield>
  <datafield tag="650" ind1=" " ind2="7">
    <subfield code="a">Deportes</subfield>
    <subfield code="v">Publicaciones seriadas</subfield>
    <subfield code="2">lemb</subfield>
    <subfield code="9">88755</subfield>
    <subfield code="z">Rep&#xFA;blica Dominicana</subfield>
  </datafield>
  <datafield tag="650" ind1=" " ind2="7">
    <subfield code="a">Educaci&#xF3;n f&#xED;sica</subfield>
    <subfield code="v">Publicaciones seriadas</subfield>
    <subfield code="2">lemb</subfield>
    <subfield code="9">88756</subfield>
    <subfield code="z">Rep&#xFA;blica Dominicana</subfield>
  </datafield>
  <datafield tag="653" ind1=" " ind2="0">
    <subfield code="a">Recreaci&#xF3;n f&#xED;sica</subfield>
  </datafield>
  <datafield tag="710" ind1="2" ind2=" ">
    <subfield code="a">Secretar&#xED;a de Estado de Deportes, Educaci&#xF3;n F&#xED;sica y Recreaci&#xF3;n (SEDEFIR).</subfield>
    <subfield code="b">Centro de Capacitaci&#xF3;n e Iniciaci&#xF3;n Deportiva (CECAINDE)</subfield>
    <subfield code="9">88757</subfield>
  </datafield>
  <datafield tag="942" ind1=" " ind2=" ">
    <subfield code="2">ddc</subfield>
    <subfield code="c">ISSUE</subfield>
  </datafield>
  <datafield tag="952" ind1=" " ind2=" ">
    <subfield code="0">0</subfield>
    <subfield code="1">0</subfield>
    <subfield code="2">ddc</subfield>
    <subfield code="4">0</subfield>
    <subfield code="5">6</subfield>
    <subfield code="7">0</subfield>
    <subfield code="8">SE</subfield>
    <subfield code="a">BNPHU</subfield>
    <subfield code="b">BNPHU</subfield>
    <subfield code="d">2025-10-31</subfield>
    <subfield code="h">A&#xF1;o 1, No. 2, febrero 1983</subfield>
    <subfield code="l">0</subfield>
    <subfield code="p">2025-12279</subfield>
    <subfield code="r">2025-10-31</subfield>
    <subfield code="t">e.1</subfield>
    <subfield code="w">2025-10-31</subfield>
    <subfield code="y">ISSUE</subfield>
  </datafield>
  <datafield tag="952" ind1=" " ind2=" ">
    <subfield code="0">0</subfield>
    <subfield code="1">0</subfield>
    <subfield code="2">ddc</subfield>
    <subfield code="4">0</subfield>
    <subfield code="5">6</subfield>
    <subfield code="7">0</subfield>
    <subfield code="8">SE</subfield>
    <subfield code="a">BNPHU</subfield>
    <subfield code="b">BNPHU</subfield>
    <subfield code="d">2025-11-06</subfield>
    <subfield code="h">A&#xF1;o 1, No. 1, enero 1983</subfield>
    <subfield code="l">0</subfield>
    <subfield code="p">2025-12548</subfield>
    <subfield code="r">2025-11-06</subfield>
    <subfield code="t">e.1</subfield>
    <subfield code="w">2025-11-06</subfield>
    <subfield code="y">ISSUE</subfield>
  </datafield>
  <datafield tag="952" ind1=" " ind2=" ">
    <subfield code="0">0</subfield>
    <subfield code="1">0</subfield>
    <subfield code="2">ddc</subfield>
    <subfield code="4">0</subfield>
    <subfield code="5">6</subfield>
    <subfield code="7">0</subfield>
    <subfield code="8">SE</subfield>
    <subfield code="a">BNPHU</subfield>
    <subfield code="b">BNPHU</subfield>
    <subfield code="d">2025-11-06</subfield>
    <subfield code="h">A&#xF1;o 1, No. 3-4, marzo-abril, 1983</subfield>
    <subfield code="l">0</subfield>
    <subfield code="p">2025-12549</subfield>
    <subfield code="r">2025-11-06</subfield>
    <subfield code="t">e.1</subfield>
    <subfield code="w">2025-11-06</subfield>
    <subfield code="y">ISSUE</subfield>
  </datafield>
  <datafield tag="952" ind1=" " ind2=" ">
    <subfield code="0">0</subfield>
    <subfield code="1">0</subfield>
    <subfield code="2">ddc</subfield>
    <subfield code="4">0</subfield>
    <subfield code="5">6</subfield>
    <subfield code="7">0</subfield>
    <subfield code="8">SE</subfield>
    <subfield code="a">BNPHU</subfield>
    <subfield code="b">BNPHU</subfield>
    <subfield code="d">2025-11-06</subfield>
    <subfield code="h">A&#xF1;o 1, No. 5, julio, 1983</subfield>
    <subfield code="l">0</subfield>
    <subfield code="p">2025-12550</subfield>
    <subfield code="r">2025-11-06</subfield>
    <subfield code="t">e.1</subfield>
    <subfield code="w">2025-11-06</subfield>
    <subfield code="y">ISSUE</subfield>
  </datafield>
  <datafield tag="952" ind1=" " ind2=" ">
    <subfield code="0">0</subfield>
    <subfield code="1">0</subfield>
    <subfield code="2">ddc</subfield>
    <subfield code="4">0</subfield>
    <subfield code="5">6</subfield>
    <subfield code="7">0</subfield>
    <subfield code="8">SE</subfield>
    <subfield code="a">BNPHU</subfield>
    <subfield code="b">BNPHU</subfield>
    <subfield code="d">2025-11-06</subfield>
    <subfield code="h">A&#xF1;o 1, No. 6, diciembre, 1983</subfield>
    <subfield code="l">0</subfield>
    <subfield code="p">2025-12551</subfield>
    <subfield code="r">2025-11-06</subfield>
    <subfield code="t">e.1</subfield>
    <subfield code="w">2025-11-06</subfield>
    <subfield code="y">ISSUE</subfield>
  </datafield>
  <datafield tag="952" ind1=" " ind2=" ">
    <subfield code="0">0</subfield>
    <subfield code="1">0</subfield>
    <subfield code="2">ddc</subfield>
    <subfield code="4">0</subfield>
    <subfield code="5">6</subfield>
    <subfield code="7">0</subfield>
    <subfield code="8">SE</subfield>
    <subfield code="a">BNPHU</subfield>
    <subfield code="b">BNPHU</subfield>
    <subfield code="d">2025-11-06</subfield>
    <subfield code="h">A&#xF1;o 2, No. 7, enero-febrero, 1984</subfield>
    <subfield code="l">0</subfield>
    <subfield code="p">2025-12552</subfield>
    <subfield code="r">2025-11-06</subfield>
    <subfield code="t">e.1</subfield>
    <subfield code="w">2025-11-06</subfield>
    <subfield code="y">ISSUE</subfield>
  </datafield>
  <datafield tag="952" ind1=" " ind2=" ">
    <subfield code="0">0</subfield>
    <subfield code="1">0</subfield>
    <subfield code="2">ddc</subfield>
    <subfield code="4">0</subfield>
    <subfield code="5">6</subfield>
    <subfield code="7">0</subfield>
    <subfield code="8">SE</subfield>
    <subfield code="a">BNPHU</subfield>
    <subfield code="b">BNPHU</subfield>
    <subfield code="d">2025-11-06</subfield>
    <subfield code="h">A&#xF1;o 2, No. 8, marzo-abril, 1984</subfield>
    <subfield code="l">0</subfield>
    <subfield code="p">2025-12553</subfield>
    <subfield code="r">2025-11-06</subfield>
    <subfield code="t">e.1</subfield>
    <subfield code="w">2025-11-06</subfield>
    <subfield code="y">ISSUE</subfield>
  </datafield>
  <datafield tag="952" ind1=" " ind2=" ">
    <subfield code="0">0</subfield>
    <subfield code="1">0</subfield>
    <subfield code="2">ddc</subfield>
    <subfield code="4">0</subfield>
    <subfield code="5">6</subfield>
    <subfield code="7">0</subfield>
    <subfield code="8">SE</subfield>
    <subfield code="a">BNPHU</subfield>
    <subfield code="b">BNPHU</subfield>
    <subfield code="d">2025-11-06</subfield>
    <subfield code="h">A&#xF1;o 2, No. 9, julio-agosto, 1984</subfield>
    <subfield code="l">0</subfield>
    <subfield code="p">2025-12554</subfield>
    <subfield code="r">2025-11-06</subfield>
    <subfield code="t">e.1</subfield>
    <subfield code="w">2025-11-06</subfield>
    <subfield code="y">ISSUE</subfield>
  </datafield>
  <datafield tag="952" ind1=" " ind2=" ">
    <subfield code="0">0</subfield>
    <subfield code="1">0</subfield>
    <subfield code="2">ddc</subfield>
    <subfield code="4">0</subfield>
    <subfield code="5">6</subfield>
    <subfield code="7">0</subfield>
    <subfield code="8">SE</subfield>
    <subfield code="a">BNPHU</subfield>
    <subfield code="b">BNPHU</subfield>
    <subfield code="d">2025-11-06</subfield>
    <subfield code="h">A&#xF1;o 3, No. 11, enero-febrero, 1985</subfield>
    <subfield code="l">0</subfield>
    <subfield code="p">2025-12555</subfield>
    <subfield code="r">2025-11-06</subfield>
    <subfield code="t">e.1</subfield>
    <subfield code="w">2025-11-06</subfield>
    <subfield code="y">ISSUE</subfield>
  </datafield>
  <datafield tag="952" ind1=" " ind2=" ">
    <subfield code="0">0</subfield>
    <subfield code="1">0</subfield>
    <subfield code="2">ddc</subfield>
    <subfield code="4">0</subfield>
    <subfield code="5">6</subfield>
    <subfield code="7">0</subfield>
    <subfield code="8">SE</subfield>
    <subfield code="a">BNPHU</subfield>
    <subfield code="b">BNPHU</subfield>
    <subfield code="d">2025-11-06</subfield>
    <subfield code="h">A&#xF1;o 3, No. 12, marzo-abril, 1985</subfield>
    <subfield code="l">0</subfield>
    <subfield code="p">2025-12556</subfield>
    <subfield code="r">2025-11-06</subfield>
    <subfield code="t">e.1</subfield>
    <subfield code="w">2025-11-06</subfield>
    <subfield code="y">ISSUE</subfield>
  </datafield>
  <datafield tag="952" ind1=" " ind2=" ">
    <subfield code="0">0</subfield>
    <subfield code="1">0</subfield>
    <subfield code="2">ddc</subfield>
    <subfield code="4">0</subfield>
    <subfield code="5">6</subfield>
    <subfield code="7">0</subfield>
    <subfield code="8">SE</subfield>
    <subfield code="a">BNPHU</subfield>
    <subfield code="b">BNPHU</subfield>
    <subfield code="d">2025-11-06</subfield>
    <subfield code="h">A&#xF1;o 4, No. 13, enero, 1987</subfield>
    <subfield code="l">0</subfield>
    <subfield code="p">2025-12557</subfield>
    <subfield code="r">2025-11-06</subfield>
    <subfield code="t">e.1</subfield>
    <subfield code="w">2025-11-06</subfield>
    <subfield code="y">ISSUE</subfield>
  </datafield>
  <datafield tag="952" ind1=" " ind2=" ">
    <subfield code="0">0</subfield>
    <subfield code="1">0</subfield>
    <subfield code="2">ddc</subfield>
    <subfield code="4">0</subfield>
    <subfield code="5">6</subfield>
    <subfield code="7">0</subfield>
    <subfield code="8">SE</subfield>
    <subfield code="a">BNPHU</subfield>
    <subfield code="b">BNPHU</subfield>
    <subfield code="d">2025-11-06</subfield>
    <subfield code="h">A&#xF1;o 4, No. 14, marzo-abril, 1987</subfield>
    <subfield code="l">0</subfield>
    <subfield code="p">2025-12558</subfield>
    <subfield code="r">2025-11-06</subfield>
    <subfield code="t">e.1</subfield>
    <subfield code="w">2025-11-06</subfield>
    <subfield code="y">ISSUE</subfield>
  </datafield>
  <datafield tag="952" ind1=" " ind2=" ">
    <subfield code="0">0</subfield>
    <subfield code="1">0</subfield>
    <subfield code="2">ddc</subfield>
    <subfield code="4">0</subfield>
    <subfield code="5">6</subfield>
    <subfield code="7">0</subfield>
    <subfield code="8">SE</subfield>
    <subfield code="a">BNPHU</subfield>
    <subfield code="b">BNPHU</subfield>
    <subfield code="d">2025-11-06</subfield>
    <subfield code="h">A&#xF1;o 5, No. 18, marzo, 1988</subfield>
    <subfield code="l">0</subfield>
    <subfield code="p">2025-12559</subfield>
    <subfield code="r">2025-11-06</subfield>
    <subfield code="t">e.1</subfield>
    <subfield code="w">2025-11-06</subfield>
    <subfield code="y">ISSUE</subfield>
  </datafield>
  <datafield tag="952" ind1=" " ind2=" ">
    <subfield code="0">0</subfield>
    <subfield code="1">0</subfield>
    <subfield code="2">ddc</subfield>
    <subfield code="4">0</subfield>
    <subfield code="5">6</subfield>
    <subfield code="7">0</subfield>
    <subfield code="8">SE</subfield>
    <subfield code="a">BNPHU</subfield>
    <subfield code="b">BNPHU</subfield>
    <subfield code="d">2025-11-06</subfield>
    <subfield code="h">A&#xF1;o 5, No. 19, junio, 1988</subfield>
    <subfield code="l">0</subfield>
    <subfield code="p">2025-12560</subfield>
    <subfield code="r">2025-11-06</subfield>
    <subfield code="t">e.1</subfield>
    <subfield code="w">2025-11-06</subfield>
    <subfield code="y">ISSUE</subfield>
  </datafield>
  <datafield tag="952" ind1=" " ind2=" ">
    <subfield code="0">0</subfield>
    <subfield code="1">0</subfield>
    <subfield code="2">ddc</subfield>
    <subfield code="4">0</subfield>
    <subfield code="5">6</subfield>
    <subfield code="7">0</subfield>
    <subfield code="8">SE</subfield>
    <subfield code="a">BNPHU</subfield>
    <subfield code="b">BNPHU</subfield>
    <subfield code="d">2025-11-06</subfield>
    <subfield code="h">A&#xF1;o 5, No. 20, septiembre, 1988</subfield>
    <subfield code="l">0</subfield>
    <subfield code="p">2025-12561</subfield>
    <subfield code="r">2025-11-06</subfield>
    <subfield code="t">e.1</subfield>
    <subfield code="w">2025-11-06</subfield>
    <subfield code="y">ISSUE</subfield>
  </datafield>
  <datafield tag="952" ind1=" " ind2=" ">
    <subfield code="0">0</subfield>
    <subfield code="1">0</subfield>
    <subfield code="2">ddc</subfield>
    <subfield code="4">0</subfield>
    <subfield code="5">6</subfield>
    <subfield code="7">0</subfield>
    <subfield code="8">SE</subfield>
    <subfield code="a">BNPHU</subfield>
    <subfield code="b">BNPHU</subfield>
    <subfield code="d">2025-11-06</subfield>
    <subfield code="h">A&#xF1;o 5, No. 20, septiembre, 1988</subfield>
    <subfield code="l">0</subfield>
    <subfield code="p">2025-12562</subfield>
    <subfield code="r">2025-11-06</subfield>
    <subfield code="t">e.2</subfield>
    <subfield code="w">2025-11-06</subfield>
    <subfield code="y">ISSUE</subfield>
  </datafield>
  <datafield tag="952" ind1=" " ind2=" ">
    <subfield code="0">0</subfield>
    <subfield code="1">0</subfield>
    <subfield code="2">ddc</subfield>
    <subfield code="4">0</subfield>
    <subfield code="5">6</subfield>
    <subfield code="7">0</subfield>
    <subfield code="8">SE</subfield>
    <subfield code="a">BNPHU</subfield>
    <subfield code="b">BNPHU</subfield>
    <subfield code="d">2025-11-06</subfield>
    <subfield code="h">A&#xF1;o 5, No. 20, septiembre, 1988</subfield>
    <subfield code="l">0</subfield>
    <subfield code="p">2025-12563</subfield>
    <subfield code="r">2025-11-06</subfield>
    <subfield code="t">e.3</subfield>
    <subfield code="w">2025-11-06</subfield>
    <subfield code="y">ISSUE</subfield>
  </datafield>
  <datafield tag="952" ind1=" " ind2=" ">
    <subfield code="0">0</subfield>
    <subfield code="1">0</subfield>
    <subfield code="2">ddc</subfield>
    <subfield code="4">0</subfield>
    <subfield code="5">6</subfield>
    <subfield code="7">0</subfield>
    <subfield code="8">SE</subfield>
    <subfield code="a">BNPHU</subfield>
    <subfield code="b">BNPHU</subfield>
    <subfield code="d">2025-11-06</subfield>
    <subfield code="h">A&#xF1;o 5, No. 20, septiembre, 1988</subfield>
    <subfield code="l">0</subfield>
    <subfield code="p">2025-12564</subfield>
    <subfield code="r">2025-11-06</subfield>
    <subfield code="t">e.4</subfield>
    <subfield code="w">2025-11-06</subfield>
    <subfield code="y">ISSUE</subfield>
  </datafield>
  <datafield tag="952" ind1=" " ind2=" ">
    <subfield code="0">0</subfield>
    <subfield code="1">0</subfield>
    <subfield code="2">ddc</subfield>
    <subfield code="4">0</subfield>
    <subfield code="5">6</subfield>
    <subfield code="7">0</subfield>
    <subfield code="8">SE</subfield>
    <subfield code="a">BNPHU</subfield>
    <subfield code="b">BNPHU</subfield>
    <subfield code="d">2025-11-06</subfield>
    <subfield code="h">A&#xF1;o 5, No. 20, septiembre, 1988</subfield>
    <subfield code="l">0</subfield>
    <subfield code="p">2025-12565</subfield>
    <subfield code="r">2025-11-06</subfield>
    <subfield code="t">e.5</subfield>
    <subfield code="w">2025-11-06</subfield>
    <subfield code="y">ISSUE</subfield>
  </datafield>
  <datafield tag="952" ind1=" " ind2=" ">
    <subfield code="0">0</subfield>
    <subfield code="1">0</subfield>
    <subfield code="2">ddc</subfield>
    <subfield code="4">0</subfield>
    <subfield code="5">6</subfield>
    <subfield code="7">0</subfield>
    <subfield code="8">SE</subfield>
    <subfield code="a">BNPHU</subfield>
    <subfield code="b">BNPHU</subfield>
    <subfield code="d">2025-11-06</subfield>
    <subfield code="h">A&#xF1;o 6, No. 22, marzo, 1989</subfield>
    <subfield code="l">0</subfield>
    <subfield code="p">2025-12566</subfield>
    <subfield code="r">2025-11-06</subfield>
    <subfield code="t">e.1</subfield>
    <subfield code="w">2025-11-06</subfield>
    <subfield code="y">ISSUE</subfield>
  </datafield>
  <datafield tag="952" ind1=" " ind2=" ">
    <subfield code="0">0</subfield>
    <subfield code="1">0</subfield>
    <subfield code="2">ddc</subfield>
    <subfield code="4">0</subfield>
    <subfield code="5">6</subfield>
    <subfield code="7">0</subfield>
    <subfield code="8">SE</subfield>
    <subfield code="a">BNPHU</subfield>
    <subfield code="b">BNPHU</subfield>
    <subfield code="d">2025-11-06</subfield>
    <subfield code="h">A&#xF1;o 6, No. 22, marzo, 1989</subfield>
    <subfield code="l">0</subfield>
    <subfield code="p">2025-12567</subfield>
    <subfield code="r">2025-11-06</subfield>
    <subfield code="t">e.2</subfield>
    <subfield code="w">2025-11-06</subfield>
    <subfield code="y">ISSUE</subfield>
  </datafield>
  <datafield tag="952" ind1=" " ind2=" ">
    <subfield code="0">0</subfield>
    <subfield code="1">0</subfield>
    <subfield code="2">ddc</subfield>
    <subfield code="4">0</subfield>
    <subfield code="5">6</subfield>
    <subfield code="7">0</subfield>
    <subfield code="8">SE</subfield>
    <subfield code="a">BNPHU</subfield>
    <subfield code="b">BNPHU</subfield>
    <subfield code="d">2025-11-06</subfield>
    <subfield code="h">A&#xF1;o 6, No. 23, julio, 1989</subfield>
    <subfield code="l">0</subfield>
    <subfield code="p">2025-12568</subfield>
    <subfield code="r">2025-11-06</subfield>
    <subfield code="t">e.1</subfield>
    <subfield code="w">2025-11-06</subfield>
    <subfield code="y">ISSUE</subfield>
  </datafield>
  <datafield tag="952" ind1=" " ind2=" ">
    <subfield code="0">0</subfield>
    <subfield code="1">0</subfield>
    <subfield code="2">ddc</subfield>
    <subfield code="4">0</subfield>
    <subfield code="5">6</subfield>
    <subfield code="7">0</subfield>
    <subfield code="8">SE</subfield>
    <subfield code="a">BNPHU</subfield>
    <subfield code="b">BNPHU</subfield>
    <subfield code="d">2025-11-06</subfield>
    <subfield code="h">A&#xF1;o 6, No. 24, octubre, 1989</subfield>
    <subfield code="l">0</subfield>
    <subfield code="p">2025-12569</subfield>
    <subfield code="r">2025-11-06</subfield>
    <subfield code="t">e.1</subfield>
    <subfield code="w">2025-11-06</subfield>
    <subfield code="y">ISSUE</subfield>
  </datafield>
  <datafield tag="952" ind1=" " ind2=" ">
    <subfield code="0">0</subfield>
    <subfield code="1">0</subfield>
    <subfield code="2">ddc</subfield>
    <subfield code="4">0</subfield>
    <subfield code="5">6</subfield>
    <subfield code="7">0</subfield>
    <subfield code="8">SE</subfield>
    <subfield code="a">BNPHU</subfield>
    <subfield code="b">BNPHU</subfield>
    <subfield code="d">2025-11-06</subfield>
    <subfield code="h">A&#xF1;o 6, No. 24, octubre, 1989</subfield>
    <subfield code="l">0</subfield>
    <subfield code="p">2025-12570</subfield>
    <subfield code="r">2025-11-06</subfield>
    <subfield code="t">e.2</subfield>
    <subfield code="w">2025-11-06</subfield>
    <subfield code="y">ISSUE</subfield>
  </datafield>
  <datafield tag="952" ind1=" " ind2=" ">
    <subfield code="0">0</subfield>
    <subfield code="1">0</subfield>
    <subfield code="2">ddc</subfield>
    <subfield code="4">0</subfield>
    <subfield code="5">6</subfield>
    <subfield code="7">0</subfield>
    <subfield code="8">SE</subfield>
    <subfield code="a">BNPHU</subfield>
    <subfield code="b">BNPHU</subfield>
    <subfield code="d">2025-11-06</subfield>
    <subfield code="h">A&#xF1;o 7, No. 25, diciembre, 1989</subfield>
    <subfield code="l">0</subfield>
    <subfield code="p">2025-12571</subfield>
    <subfield code="r">2025-11-06</subfield>
    <subfield code="t">e.1</subfield>
    <subfield code="w">2025-11-06</subfield>
    <subfield code="y">ISSUE</subfield>
  </datafield>
  <datafield tag="952" ind1=" " ind2=" ">
    <subfield code="0">0</subfield>
    <subfield code="1">0</subfield>
    <subfield code="2">ddc</subfield>
    <subfield code="4">0</subfield>
    <subfield code="5">6</subfield>
    <subfield code="7">0</subfield>
    <subfield code="8">SE</subfield>
    <subfield code="a">BNPHU</subfield>
    <subfield code="b">BNPHU</subfield>
    <subfield code="d">2025-11-06</subfield>
    <subfield code="h">A&#xF1;o 8, No. 27, mayo, 1992</subfield>
    <subfield code="l">0</subfield>
    <subfield code="p">2025-12572</subfield>
    <subfield code="r">2025-11-06</subfield>
    <subfield code="t">e.1</subfield>
    <subfield code="w">2025-11-06</subfield>
    <subfield code="y">ISSUE</subfield>
  </datafield>
  <datafield tag="952" ind1=" " ind2=" ">
    <subfield code="0">0</subfield>
    <subfield code="1">0</subfield>
    <subfield code="2">ddc</subfield>
    <subfield code="4">0</subfield>
    <subfield code="5">6</subfield>
    <subfield code="7">0</subfield>
    <subfield code="8">SE</subfield>
    <subfield code="a">BNPHU</subfield>
    <subfield code="b">BNPHU</subfield>
    <subfield code="d">2025-11-06</subfield>
    <subfield code="h">A&#xF1;o 8, No. 27, mayo, 1992</subfield>
    <subfield code="l">0</subfield>
    <subfield code="p">2025-12573</subfield>
    <subfield code="r">2025-11-06</subfield>
    <subfield code="t">e.2</subfield>
    <subfield code="w">2025-11-06</subfield>
    <subfield code="y">ISSUE</subfield>
  </datafield>
  <datafield tag="952" ind1=" " ind2=" ">
    <subfield code="0">0</subfield>
    <subfield code="1">0</subfield>
    <subfield code="2">ddc</subfield>
    <subfield code="4">0</subfield>
    <subfield code="5">6</subfield>
    <subfield code="7">0</subfield>
    <subfield code="8">SE</subfield>
    <subfield code="a">BNPHU</subfield>
    <subfield code="b">BNPHU</subfield>
    <subfield code="d">2025-11-06</subfield>
    <subfield code="h">A&#xF1;o 8, No. 27, mayo, 1992</subfield>
    <subfield code="l">0</subfield>
    <subfield code="p">2025-12574</subfield>
    <subfield code="r">2025-11-06</subfield>
    <subfield code="t">e.3</subfield>
    <subfield code="w">2025-11-06</subfield>
    <subfield code="y">ISSUE</subfield>
  </datafield>
  <datafield tag="952" ind1=" " ind2=" ">
    <subfield code="0">0</subfield>
    <subfield code="1">0</subfield>
    <subfield code="2">ddc</subfield>
    <subfield code="4">0</subfield>
    <subfield code="5">6</subfield>
    <subfield code="7">0</subfield>
    <subfield code="8">SE</subfield>
    <subfield code="a">BNPHU</subfield>
    <subfield code="b">BNPHU</subfield>
    <subfield code="d">2025-11-06</subfield>
    <subfield code="h">A&#xF1;o 8, No. 27, mayo, 1992</subfield>
    <subfield code="l">0</subfield>
    <subfield code="p">2025-12575</subfield>
    <subfield code="r">2025-11-06</subfield>
    <subfield code="t">e.4</subfield>
    <subfield code="w">2025-11-06</subfield>
    <subfield code="y">ISSUE</subfield>
  </datafield>
  <datafield tag="952" ind1=" " ind2=" ">
    <subfield code="0">0</subfield>
    <subfield code="1">0</subfield>
    <subfield code="2">ddc</subfield>
    <subfield code="4">0</subfield>
    <subfield code="5">6</subfield>
    <subfield code="7">0</subfield>
    <subfield code="8">SE</subfield>
    <subfield code="a">BNPHU</subfield>
    <subfield code="b">BNPHU</subfield>
    <subfield code="d">2025-11-06</subfield>
    <subfield code="h">A&#xF1;o 8, No. 28, septiembre, 1992</subfield>
    <subfield code="l">0</subfield>
    <subfield code="p">2025-12576</subfield>
    <subfield code="r">2025-11-06</subfield>
    <subfield code="t">e.1</subfield>
    <subfield code="w">2025-11-06</subfield>
    <subfield code="y">ISSUE</subfield>
  </datafield>
  <datafield tag="952" ind1=" " ind2=" ">
    <subfield code="0">0</subfield>
    <subfield code="1">0</subfield>
    <subfield code="2">ddc</subfield>
    <subfield code="4">0</subfield>
    <subfield code="5">6</subfield>
    <subfield code="7">0</subfield>
    <subfield code="8">SE</subfield>
    <subfield code="a">BNPHU</subfield>
    <subfield code="b">BNPHU</subfield>
    <subfield code="d">2025-11-06</subfield>
    <subfield code="h">A&#xF1;o 8, No. 28, septiembre, 1992</subfield>
    <subfield code="l">0</subfield>
    <subfield code="p">2025-12577</subfield>
    <subfield code="r">2025-11-06</subfield>
    <subfield code="t">e.2</subfield>
    <subfield code="w">2025-11-06</subfield>
    <subfield code="y">ISSUE</subfield>
  </datafield>
  <datafield tag="952" ind1=" " ind2=" ">
    <subfield code="0">0</subfield>
    <subfield code="1">0</subfield>
    <subfield code="2">ddc</subfield>
    <subfield code="4">0</subfield>
    <subfield code="5">6</subfield>
    <subfield code="7">0</subfield>
    <subfield code="8">SE</subfield>
    <subfield code="a">BNPHU</subfield>
    <subfield code="b">BNPHU</subfield>
    <subfield code="d">2025-11-06</subfield>
    <subfield code="h">A&#xF1;o 8, No. 28, septiembre, 1992</subfield>
    <subfield code="l">0</subfield>
    <subfield code="p">2025-12578</subfield>
    <subfield code="r">2025-11-06</subfield>
    <subfield code="t">e.3</subfield>
    <subfield code="w">2025-11-06</subfield>
    <subfield code="y">ISSUE</subfield>
  </datafield>
  <datafield tag="952" ind1=" " ind2=" ">
    <subfield code="0">0</subfield>
    <subfield code="1">0</subfield>
    <subfield code="2">ddc</subfield>
    <subfield code="4">0</subfield>
    <subfield code="5">6</subfield>
    <subfield code="7">0</subfield>
    <subfield code="8">SE</subfield>
    <subfield code="a">BNPHU</subfield>
    <subfield code="b">BNPHU</subfield>
    <subfield code="d">2025-11-06</subfield>
    <subfield code="h">A&#xF1;o 9, No. 29, enero, 1993</subfield>
    <subfield code="l">0</subfield>
    <subfield code="p">2025-12579</subfield>
    <subfield code="r">2025-11-06</subfield>
    <subfield code="t">e.1</subfield>
    <subfield code="w">2025-11-06</subfield>
    <subfield code="y">ISSUE</subfield>
  </datafield>
  <datafield tag="952" ind1=" " ind2=" ">
    <subfield code="0">0</subfield>
    <subfield code="1">0</subfield>
    <subfield code="2">ddc</subfield>
    <subfield code="4">0</subfield>
    <subfield code="5">6</subfield>
    <subfield code="7">0</subfield>
    <subfield code="8">SE</subfield>
    <subfield code="a">BNPHU</subfield>
    <subfield code="b">BNPHU</subfield>
    <subfield code="d">2025-11-06</subfield>
    <subfield code="h">A&#xF1;o 9, No. 29, enero, 1993</subfield>
    <subfield code="l">0</subfield>
    <subfield code="p">2025-12580</subfield>
    <subfield code="r">2025-11-06</subfield>
    <subfield code="t">e.2</subfield>
    <subfield code="w">2025-11-06</subfield>
    <subfield code="y">ISSUE</subfield>
  </datafield>
  <datafield tag="952" ind1=" " ind2=" ">
    <subfield code="0">0</subfield>
    <subfield code="1">0</subfield>
    <subfield code="2">ddc</subfield>
    <subfield code="4">0</subfield>
    <subfield code="5">6</subfield>
    <subfield code="7">0</subfield>
    <subfield code="8">SE</subfield>
    <subfield code="a">BNPHU</subfield>
    <subfield code="b">BNPHU</subfield>
    <subfield code="d">2025-11-06</subfield>
    <subfield code="h">A&#xF1;o 9, No. 29, enero, 1993</subfield>
    <subfield code="l">0</subfield>
    <subfield code="p">2025-12581</subfield>
    <subfield code="r">2025-11-06</subfield>
    <subfield code="t">e.3</subfield>
    <subfield code="w">2025-11-06</subfield>
    <subfield code="y">ISSUE</subfield>
  </datafield>
  <datafield tag="952" ind1=" " ind2=" ">
    <subfield code="0">0</subfield>
    <subfield code="1">0</subfield>
    <subfield code="2">ddc</subfield>
    <subfield code="4">0</subfield>
    <subfield code="5">6</subfield>
    <subfield code="7">0</subfield>
    <subfield code="8">SE</subfield>
    <subfield code="a">BNPHU</subfield>
    <subfield code="b">BNPHU</subfield>
    <subfield code="d">2025-11-06</subfield>
    <subfield code="h">A&#xF1;o 9, No. 29, enero, 1993</subfield>
    <subfield code="l">0</subfield>
    <subfield code="p">2025-12582</subfield>
    <subfield code="r">2025-11-06</subfield>
    <subfield code="t">e.4</subfield>
    <subfield code="w">2025-11-06</subfield>
    <subfield code="y">ISSUE</subfield>
  </datafield>
  <datafield tag="952" ind1=" " ind2=" ">
    <subfield code="0">0</subfield>
    <subfield code="1">0</subfield>
    <subfield code="2">ddc</subfield>
    <subfield code="4">0</subfield>
    <subfield code="5">6</subfield>
    <subfield code="7">0</subfield>
    <subfield code="8">SE</subfield>
    <subfield code="a">BNPHU</subfield>
    <subfield code="b">BNPHU</subfield>
    <subfield code="d">2025-11-06</subfield>
    <subfield code="h">A&#xF1;o 9, No. 29, enero, 1993</subfield>
    <subfield code="l">0</subfield>
    <subfield code="p">2025-12583</subfield>
    <subfield code="r">2025-11-06</subfield>
    <subfield code="t">e.5</subfield>
    <subfield code="w">2025-11-06</subfield>
    <subfield code="y">ISSUE</subfield>
  </datafield>
  <datafield tag="952" ind1=" " ind2=" ">
    <subfield code="0">0</subfield>
    <subfield code="1">0</subfield>
    <subfield code="2">ddc</subfield>
    <subfield code="4">0</subfield>
    <subfield code="5">6</subfield>
    <subfield code="7">0</subfield>
    <subfield code="8">SE</subfield>
    <subfield code="a">BNPHU</subfield>
    <subfield code="b">BNPHU</subfield>
    <subfield code="d">2025-11-06</subfield>
    <subfield code="h">A&#xF1;o 9, No. 30, marzo, 1993</subfield>
    <subfield code="l">0</subfield>
    <subfield code="p">2025-12584</subfield>
    <subfield code="r">2025-11-06</subfield>
    <subfield code="t">e.1</subfield>
    <subfield code="w">2025-11-06</subfield>
    <subfield code="y">ISSUE</subfield>
  </datafield>
  <datafield tag="952" ind1=" " ind2=" ">
    <subfield code="0">0</subfield>
    <subfield code="1">0</subfield>
    <subfield code="2">ddc</subfield>
    <subfield code="4">0</subfield>
    <subfield code="5">6</subfield>
    <subfield code="7">0</subfield>
    <subfield code="8">SE</subfield>
    <subfield code="a">BNPHU</subfield>
    <subfield code="b">BNPHU</subfield>
    <subfield code="d">2025-11-06</subfield>
    <subfield code="h">A&#xF1;o 9, No. 31, junio, 1993</subfield>
    <subfield code="l">0</subfield>
    <subfield code="p">2025-12585</subfield>
    <subfield code="r">2025-11-06</subfield>
    <subfield code="t">e.1</subfield>
    <subfield code="w">2025-11-06</subfield>
    <subfield code="y">ISSUE</subfield>
  </datafield>
  <datafield tag="952" ind1=" " ind2=" ">
    <subfield code="0">0</subfield>
    <subfield code="1">0</subfield>
    <subfield code="2">ddc</subfield>
    <subfield code="4">0</subfield>
    <subfield code="5">6</subfield>
    <subfield code="7">0</subfield>
    <subfield code="8">SE</subfield>
    <subfield code="a">BNPHU</subfield>
    <subfield code="b">BNPHU</subfield>
    <subfield code="d">2025-11-06</subfield>
    <subfield code="h">A&#xF1;o 9, No. 32, agosto, 1993</subfield>
    <subfield code="l">0</subfield>
    <subfield code="p">2025-12586</subfield>
    <subfield code="r">2025-11-06</subfield>
    <subfield code="t">e.1</subfield>
    <subfield code="w">2025-11-06</subfield>
    <subfield code="y">ISSUE</subfield>
  </datafield>
  <datafield tag="952" ind1=" " ind2=" ">
    <subfield code="0">0</subfield>
    <subfield code="1">0</subfield>
    <subfield code="2">ddc</subfield>
    <subfield code="4">0</subfield>
    <subfield code="5">6</subfield>
    <subfield code="7">0</subfield>
    <subfield code="8">SE</subfield>
    <subfield code="a">BNPHU</subfield>
    <subfield code="b">BNPHU</subfield>
    <subfield code="d">2025-11-06</subfield>
    <subfield code="h">A&#xF1;o 9, No. 33, diciembre, 1993</subfield>
    <subfield code="l">0</subfield>
    <subfield code="p">2025-12587</subfield>
    <subfield code="r">2025-11-06</subfield>
    <subfield code="t">e.1</subfield>
    <subfield code="w">2025-11-06</subfield>
    <subfield code="y">ISSUE</subfield>
  </datafield>
  <datafield tag="952" ind1=" " ind2=" ">
    <subfield code="0">0</subfield>
    <subfield code="1">0</subfield>
    <subfield code="2">ddc</subfield>
    <subfield code="4">0</subfield>
    <subfield code="5">6</subfield>
    <subfield code="7">0</subfield>
    <subfield code="8">SE</subfield>
    <subfield code="a">BNPHU</subfield>
    <subfield code="b">BNPHU</subfield>
    <subfield code="d">2025-11-06</subfield>
    <subfield code="h">A&#xF1;o 10, No. 34, febrero, 1994</subfield>
    <subfield code="l">0</subfield>
    <subfield code="p">2025-12588</subfield>
    <subfield code="r">2025-11-06</subfield>
    <subfield code="t">e.1</subfield>
    <subfield code="w">2025-11-06</subfield>
    <subfield code="y">ISSUE</subfield>
  </datafield>
  <datafield tag="952" ind1=" " ind2=" ">
    <subfield code="0">0</subfield>
    <subfield code="1">0</subfield>
    <subfield code="2">ddc</subfield>
    <subfield code="4">0</subfield>
    <subfield code="5">6</subfield>
    <subfield code="7">0</subfield>
    <subfield code="8">SE</subfield>
    <subfield code="a">BNPHU</subfield>
    <subfield code="b">BNPHU</subfield>
    <subfield code="d">2025-11-06</subfield>
    <subfield code="h">A&#xF1;o 10, No. 34, febrero, 1994</subfield>
    <subfield code="l">0</subfield>
    <subfield code="p">2025-12589</subfield>
    <subfield code="r">2025-11-06</subfield>
    <subfield code="t">e.2</subfield>
    <subfield code="w">2025-11-06</subfield>
    <subfield code="y">ISSUE</subfield>
  </datafield>
  <datafield tag="952" ind1=" " ind2=" ">
    <subfield code="0">0</subfield>
    <subfield code="1">0</subfield>
    <subfield code="2">ddc</subfield>
    <subfield code="4">0</subfield>
    <subfield code="5">6</subfield>
    <subfield code="7">0</subfield>
    <subfield code="8">SE</subfield>
    <subfield code="a">BNPHU</subfield>
    <subfield code="b">BNPHU</subfield>
    <subfield code="d">2025-11-06</subfield>
    <subfield code="h">A&#xF1;o 10, No. 35, septiembre, 1994</subfield>
    <subfield code="l">0</subfield>
    <subfield code="p">2025-12590</subfield>
    <subfield code="r">2025-11-06</subfield>
    <subfield code="t">e.1</subfield>
    <subfield code="w">2025-11-06</subfield>
    <subfield code="y">ISSUE</subfield>
  </datafield>
  <datafield tag="952" ind1=" " ind2=" ">
    <subfield code="0">0</subfield>
    <subfield code="1">0</subfield>
    <subfield code="2">ddc</subfield>
    <subfield code="4">0</subfield>
    <subfield code="5">6</subfield>
    <subfield code="7">0</subfield>
    <subfield code="8">SE</subfield>
    <subfield code="a">BNPHU</subfield>
    <subfield code="b">BNPHU</subfield>
    <subfield code="d">2025-11-06</subfield>
    <subfield code="h">A&#xF1;o 10, No. 35, septiembre, 1994</subfield>
    <subfield code="l">0</subfield>
    <subfield code="p">2025-12591</subfield>
    <subfield code="r">2025-11-06</subfield>
    <subfield code="t">e.2</subfield>
    <subfield code="w">2025-11-06</subfield>
    <subfield code="y">ISSUE</subfield>
  </datafield>
  <datafield tag="952" ind1=" " ind2=" ">
    <subfield code="0">0</subfield>
    <subfield code="1">0</subfield>
    <subfield code="2">ddc</subfield>
    <subfield code="4">0</subfield>
    <subfield code="5">6</subfield>
    <subfield code="7">0</subfield>
    <subfield code="8">SE</subfield>
    <subfield code="a">BNPHU</subfield>
    <subfield code="b">BNPHU</subfield>
    <subfield code="d">2025-11-06</subfield>
    <subfield code="h">A&#xF1;o 11, No. 36, enero, 1995</subfield>
    <subfield code="l">0</subfield>
    <subfield code="p">2025-12594</subfield>
    <subfield code="r">2025-11-06</subfield>
    <subfield code="t">e.1</subfield>
    <subfield code="w">2025-11-06</subfield>
    <subfield code="y">ISSUE</subfield>
  </datafield>
  <datafield tag="952" ind1=" " ind2=" ">
    <subfield code="0">0</subfield>
    <subfield code="1">0</subfield>
    <subfield code="2">ddc</subfield>
    <subfield code="4">0</subfield>
    <subfield code="5">6</subfield>
    <subfield code="7">0</subfield>
    <subfield code="8">SE</subfield>
    <subfield code="a">BNPHU</subfield>
    <subfield code="b">BNPHU</subfield>
    <subfield code="d">2025-11-06</subfield>
    <subfield code="h">A&#xF1;o 11, No. 36, enero, 1995</subfield>
    <subfield code="l">0</subfield>
    <subfield code="p">2025-12595</subfield>
    <subfield code="r">2025-11-06</subfield>
    <subfield code="t">e.2</subfield>
    <subfield code="w">2025-11-06</subfield>
    <subfield code="y">ISSUE</subfield>
  </datafield>
  <datafield tag="952" ind1=" " ind2=" ">
    <subfield code="0">0</subfield>
    <subfield code="1">0</subfield>
    <subfield code="2">ddc</subfield>
    <subfield code="4">0</subfield>
    <subfield code="5">6</subfield>
    <subfield code="7">0</subfield>
    <subfield code="8">SE</subfield>
    <subfield code="a">BNPHU</subfield>
    <subfield code="b">BNPHU</subfield>
    <subfield code="d">2025-11-06</subfield>
    <subfield code="h">A&#xF1;o 11, No. 36, enero, 1995</subfield>
    <subfield code="l">0</subfield>
    <subfield code="p">2025-12596</subfield>
    <subfield code="r">2025-11-06</subfield>
    <subfield code="t">e.3</subfield>
    <subfield code="w">2025-11-06</subfield>
    <subfield code="y">ISSUE</subfield>
  </datafield>
  <datafield tag="952" ind1=" " ind2=" ">
    <subfield code="0">0</subfield>
    <subfield code="1">0</subfield>
    <subfield code="2">ddc</subfield>
    <subfield code="4">0</subfield>
    <subfield code="5">6</subfield>
    <subfield code="7">0</subfield>
    <subfield code="8">SE</subfield>
    <subfield code="a">BNPHU</subfield>
    <subfield code="b">BNPHU</subfield>
    <subfield code="d">2025-11-06</subfield>
    <subfield code="h">A&#xF1;o 11, No. 36, enero, 1995</subfield>
    <subfield code="l">0</subfield>
    <subfield code="p">2025-12597</subfield>
    <subfield code="r">2025-11-06</subfield>
    <subfield code="t">e.4</subfield>
    <subfield code="w">2025-11-06</subfield>
    <subfield code="y">ISSUE</subfield>
  </datafield>
  <datafield tag="952" ind1=" " ind2=" ">
    <subfield code="0">0</subfield>
    <subfield code="1">0</subfield>
    <subfield code="2">ddc</subfield>
    <subfield code="4">0</subfield>
    <subfield code="5">6</subfield>
    <subfield code="7">0</subfield>
    <subfield code="8">SE</subfield>
    <subfield code="a">BNPHU</subfield>
    <subfield code="b">BNPHU</subfield>
    <subfield code="d">2025-11-06</subfield>
    <subfield code="h">A&#xF1;o 12, No. 37, enero, 1996</subfield>
    <subfield code="l">0</subfield>
    <subfield code="p">2025-12600</subfield>
    <subfield code="r">2025-11-06</subfield>
    <subfield code="t">e.1</subfield>
    <subfield code="w">2025-11-06</subfield>
    <subfield code="y">ISSUE</subfield>
  </datafield>
  <datafield tag="952" ind1=" " ind2=" ">
    <subfield code="0">0</subfield>
    <subfield code="1">0</subfield>
    <subfield code="2">ddc</subfield>
    <subfield code="4">0</subfield>
    <subfield code="5">6</subfield>
    <subfield code="7">0</subfield>
    <subfield code="8">SE</subfield>
    <subfield code="a">BNPHU</subfield>
    <subfield code="b">BNPHU</subfield>
    <subfield code="d">2025-11-06</subfield>
    <subfield code="h">A&#xF1;o 12, No. 37, enero, 1996</subfield>
    <subfield code="l">0</subfield>
    <subfield code="p">2025-12601</subfield>
    <subfield code="r">2025-11-06</subfield>
    <subfield code="t">e.2</subfield>
    <subfield code="w">2025-11-06</subfield>
    <subfield code="y">ISSUE</subfield>
  </datafield>
  <datafield tag="952" ind1=" " ind2=" ">
    <subfield code="0">0</subfield>
    <subfield code="1">0</subfield>
    <subfield code="2">ddc</subfield>
    <subfield code="4">0</subfield>
    <subfield code="5">6</subfield>
    <subfield code="7">0</subfield>
    <subfield code="8">SE</subfield>
    <subfield code="a">BNPHU</subfield>
    <subfield code="b">BNPHU</subfield>
    <subfield code="d">2025-11-06</subfield>
    <subfield code="h">A&#xF1;o 12, No. 37, enero, 1996</subfield>
    <subfield code="l">0</subfield>
    <subfield code="p">2025-12603</subfield>
    <subfield code="r">2025-11-06</subfield>
    <subfield code="t">e.3</subfield>
    <subfield code="w">2025-11-06</subfield>
    <subfield code="y">ISSUE</subfield>
  </datafield>
  <datafield tag="952" ind1=" " ind2=" ">
    <subfield code="0">0</subfield>
    <subfield code="1">0</subfield>
    <subfield code="2">ddc</subfield>
    <subfield code="4">0</subfield>
    <subfield code="5">6</subfield>
    <subfield code="7">0</subfield>
    <subfield code="8">SE</subfield>
    <subfield code="a">BNPHU</subfield>
    <subfield code="b">BNPHU</subfield>
    <subfield code="d">2025-11-06</subfield>
    <subfield code="h">A&#xF1;o 12, No. 37, enero, 1996</subfield>
    <subfield code="l">0</subfield>
    <subfield code="p">2025-12605</subfield>
    <subfield code="r">2025-11-06</subfield>
    <subfield code="t">e.4</subfield>
    <subfield code="w">2025-11-06</subfield>
    <subfield code="y">ISSUE</subfield>
  </datafield>
  <datafield tag="952" ind1=" " ind2=" ">
    <subfield code="0">0</subfield>
    <subfield code="1">0</subfield>
    <subfield code="2">ddc</subfield>
    <subfield code="4">0</subfield>
    <subfield code="5">6</subfield>
    <subfield code="7">0</subfield>
    <subfield code="8">SE</subfield>
    <subfield code="a">BNPHU</subfield>
    <subfield code="b">BNPHU</subfield>
    <subfield code="d">2025-11-06</subfield>
    <subfield code="h">A&#xF1;o 12, No. 37, enero, 1996</subfield>
    <subfield code="l">0</subfield>
    <subfield code="p">2025-12606</subfield>
    <subfield code="r">2025-11-06</subfield>
    <subfield code="t">e.5</subfield>
    <subfield code="w">2025-11-06</subfield>
    <subfield code="y">ISSUE</subfield>
  </datafield>
  <datafield tag="952" ind1=" " ind2=" ">
    <subfield code="0">0</subfield>
    <subfield code="1">0</subfield>
    <subfield code="2">ddc</subfield>
    <subfield code="4">0</subfield>
    <subfield code="5">6</subfield>
    <subfield code="7">0</subfield>
    <subfield code="8">SE</subfield>
    <subfield code="a">BNPHU</subfield>
    <subfield code="b">BNPHU</subfield>
    <subfield code="d">2025-11-06</subfield>
    <subfield code="h">A&#xF1;o 13, No. 38, mayo, 1996</subfield>
    <subfield code="l">0</subfield>
    <subfield code="p">2025-12607</subfield>
    <subfield code="r">2025-11-06</subfield>
    <subfield code="t">e.1</subfield>
    <subfield code="w">2025-11-06</subfield>
    <subfield code="y">ISSUE</subfield>
  </datafield>
  <datafield tag="952" ind1=" " ind2=" ">
    <subfield code="0">0</subfield>
    <subfield code="1">0</subfield>
    <subfield code="2">ddc</subfield>
    <subfield code="4">0</subfield>
    <subfield code="5">6</subfield>
    <subfield code="7">0</subfield>
    <subfield code="8">SE</subfield>
    <subfield code="a">BNPHU</subfield>
    <subfield code="b">BNPHU</subfield>
    <subfield code="d">2025-11-06</subfield>
    <subfield code="h">A&#xF1;o 13, No. 39, diciembre, 1996</subfield>
    <subfield code="l">0</subfield>
    <subfield code="p">2025-12610</subfield>
    <subfield code="r">2025-11-06</subfield>
    <subfield code="t">e.1</subfield>
    <subfield code="w">2025-11-06</subfield>
    <subfield code="y">ISSUE</subfield>
  </datafield>
  <datafield tag="952" ind1=" " ind2=" ">
    <subfield code="0">0</subfield>
    <subfield code="1">0</subfield>
    <subfield code="2">ddc</subfield>
    <subfield code="4">0</subfield>
    <subfield code="5">6</subfield>
    <subfield code="7">0</subfield>
    <subfield code="8">SE</subfield>
    <subfield code="a">BNPHU</subfield>
    <subfield code="b">BNPHU</subfield>
    <subfield code="d">2025-11-06</subfield>
    <subfield code="h">A&#xF1;o 14, No. 40, abril-mayo, 1997</subfield>
    <subfield code="l">0</subfield>
    <subfield code="p">2025-12613</subfield>
    <subfield code="r">2025-11-06</subfield>
    <subfield code="t">e.1</subfield>
    <subfield code="w">2025-11-06</subfield>
    <subfield code="y">ISSUE</subfield>
  </datafield>
  <datafield tag="952" ind1=" " ind2=" ">
    <subfield code="0">0</subfield>
    <subfield code="1">0</subfield>
    <subfield code="2">ddc</subfield>
    <subfield code="4">0</subfield>
    <subfield code="5">6</subfield>
    <subfield code="7">0</subfield>
    <subfield code="8">SE</subfield>
    <subfield code="a">BNPHU</subfield>
    <subfield code="b">BNPHU</subfield>
    <subfield code="d">2025-11-06</subfield>
    <subfield code="h">A&#xF1;o 14, No. 40, abril-mayo, 1997</subfield>
    <subfield code="l">0</subfield>
    <subfield code="p">2025-12614</subfield>
    <subfield code="r">2025-11-06</subfield>
    <subfield code="t">e.2</subfield>
    <subfield code="w">2025-11-06</subfield>
    <subfield code="y">ISSUE</subfield>
  </datafield>
  <datafield tag="952" ind1=" " ind2=" ">
    <subfield code="0">0</subfield>
    <subfield code="1">0</subfield>
    <subfield code="2">ddc</subfield>
    <subfield code="4">0</subfield>
    <subfield code="5">6</subfield>
    <subfield code="7">0</subfield>
    <subfield code="8">SE</subfield>
    <subfield code="a">BNPHU</subfield>
    <subfield code="b">BNPHU</subfield>
    <subfield code="d">2025-11-06</subfield>
    <subfield code="h">A&#xF1;o 14, No. 40, abril-mayo, 1997</subfield>
    <subfield code="l">0</subfield>
    <subfield code="p">2025-12617</subfield>
    <subfield code="r">2025-11-06</subfield>
    <subfield code="t">e.3</subfield>
    <subfield code="w">2025-11-06</subfield>
    <subfield code="y">ISSUE</subfield>
  </datafield>
  <datafield tag="952" ind1=" " ind2=" ">
    <subfield code="0">0</subfield>
    <subfield code="1">0</subfield>
    <subfield code="2">ddc</subfield>
    <subfield code="4">0</subfield>
    <subfield code="5">6</subfield>
    <subfield code="7">0</subfield>
    <subfield code="8">SE</subfield>
    <subfield code="a">BNPHU</subfield>
    <subfield code="b">BNPHU</subfield>
    <subfield code="d">2025-11-06</subfield>
    <subfield code="h">A&#xF1;o 14, No. 41, julio, 1997</subfield>
    <subfield code="l">0</subfield>
    <subfield code="p">2025-12618</subfield>
    <subfield code="r">2025-11-06</subfield>
    <subfield code="t">e.1</subfield>
    <subfield code="w">2025-11-06</subfield>
    <subfield code="y">ISSUE</subfield>
  </datafield>
  <datafield tag="952" ind1=" " ind2=" ">
    <subfield code="0">0</subfield>
    <subfield code="1">0</subfield>
    <subfield code="2">ddc</subfield>
    <subfield code="4">0</subfield>
    <subfield code="5">6</subfield>
    <subfield code="7">0</subfield>
    <subfield code="8">SE</subfield>
    <subfield code="a">BNPHU</subfield>
    <subfield code="b">BNPHU</subfield>
    <subfield code="d">2025-11-06</subfield>
    <subfield code="h">A&#xF1;o 14, No. 41, julio, 1997</subfield>
    <subfield code="l">0</subfield>
    <subfield code="p">2025-12619</subfield>
    <subfield code="r">2025-11-06</subfield>
    <subfield code="t">e.2</subfield>
    <subfield code="w">2025-11-06</subfield>
    <subfield code="y">ISSUE</subfield>
  </datafield>
  <datafield tag="952" ind1=" " ind2=" ">
    <subfield code="0">0</subfield>
    <subfield code="1">0</subfield>
    <subfield code="2">ddc</subfield>
    <subfield code="4">0</subfield>
    <subfield code="5">6</subfield>
    <subfield code="7">0</subfield>
    <subfield code="8">SE</subfield>
    <subfield code="a">BNPHU</subfield>
    <subfield code="b">BNPHU</subfield>
    <subfield code="d">2025-11-06</subfield>
    <subfield code="h">A&#xF1;o 14, No. 42, diciembre, 1997</subfield>
    <subfield code="l">0</subfield>
    <subfield code="p">2025-12621</subfield>
    <subfield code="r">2025-11-06</subfield>
    <subfield code="t">e.1</subfield>
    <subfield code="w">2025-11-06</subfield>
    <subfield code="y">ISSUE</subfield>
  </datafield>
  <datafield tag="952" ind1=" " ind2=" ">
    <subfield code="0">0</subfield>
    <subfield code="1">0</subfield>
    <subfield code="2">ddc</subfield>
    <subfield code="4">0</subfield>
    <subfield code="5">6</subfield>
    <subfield code="7">0</subfield>
    <subfield code="8">SE</subfield>
    <subfield code="a">BNPHU</subfield>
    <subfield code="b">BNPHU</subfield>
    <subfield code="d">2025-11-06</subfield>
    <subfield code="h">A&#xF1;o 14, No. 42, diciembre, 1997</subfield>
    <subfield code="l">0</subfield>
    <subfield code="p">2025-12624</subfield>
    <subfield code="r">2025-11-06</subfield>
    <subfield code="t">e.2</subfield>
    <subfield code="w">2025-11-06</subfield>
    <subfield code="y">ISSUE</subfield>
  </datafield>
  <datafield tag="952" ind1=" " ind2=" ">
    <subfield code="0">0</subfield>
    <subfield code="1">0</subfield>
    <subfield code="2">ddc</subfield>
    <subfield code="4">0</subfield>
    <subfield code="5">6</subfield>
    <subfield code="7">0</subfield>
    <subfield code="8">SE</subfield>
    <subfield code="a">BNPHU</subfield>
    <subfield code="b">BNPHU</subfield>
    <subfield code="d">2025-11-06</subfield>
    <subfield code="h">A&#xF1;o 15, No. 43, febrero, 1998</subfield>
    <subfield code="l">0</subfield>
    <subfield code="p">2025-12625</subfield>
    <subfield code="r">2025-11-06</subfield>
    <subfield code="t">e.1</subfield>
    <subfield code="w">2025-11-06</subfield>
    <subfield code="y">ISSUE</subfield>
  </datafield>
  <datafield tag="952" ind1=" " ind2=" ">
    <subfield code="0">0</subfield>
    <subfield code="1">0</subfield>
    <subfield code="2">ddc</subfield>
    <subfield code="4">0</subfield>
    <subfield code="5">6</subfield>
    <subfield code="7">0</subfield>
    <subfield code="8">SE</subfield>
    <subfield code="a">BNPHU</subfield>
    <subfield code="b">BNPHU</subfield>
    <subfield code="d">2025-11-06</subfield>
    <subfield code="h">A&#xF1;o 15, No. 44, abril, 1998</subfield>
    <subfield code="l">0</subfield>
    <subfield code="p">2025-12628</subfield>
    <subfield code="r">2025-11-06</subfield>
    <subfield code="t">e.1</subfield>
    <subfield code="w">2025-11-06</subfield>
    <subfield code="y">ISSUE</subfield>
  </datafield>
  <datafield tag="952" ind1=" " ind2=" ">
    <subfield code="0">0</subfield>
    <subfield code="1">0</subfield>
    <subfield code="2">ddc</subfield>
    <subfield code="4">0</subfield>
    <subfield code="5">6</subfield>
    <subfield code="7">0</subfield>
    <subfield code="8">SE</subfield>
    <subfield code="a">BNPHU</subfield>
    <subfield code="b">BNPHU</subfield>
    <subfield code="d">2025-11-06</subfield>
    <subfield code="h">A&#xF1;o 15, No. 44, abril, 1998</subfield>
    <subfield code="l">0</subfield>
    <subfield code="p">2025-12629</subfield>
    <subfield code="r">2025-11-06</subfield>
    <subfield code="t">e.2</subfield>
    <subfield code="w">2025-11-06</subfield>
    <subfield code="y">ISSUE</subfield>
  </datafield>
  <datafield tag="952" ind1=" " ind2=" ">
    <subfield code="0">0</subfield>
    <subfield code="1">0</subfield>
    <subfield code="2">ddc</subfield>
    <subfield code="4">0</subfield>
    <subfield code="5">6</subfield>
    <subfield code="7">0</subfield>
    <subfield code="8">SE</subfield>
    <subfield code="a">BNPHU</subfield>
    <subfield code="b">BNPHU</subfield>
    <subfield code="d">2025-11-06</subfield>
    <subfield code="h">A&#xF1;o 15, No. 44, abril, 1998</subfield>
    <subfield code="l">0</subfield>
    <subfield code="p">2025-12630</subfield>
    <subfield code="r">2025-11-06</subfield>
    <subfield code="t">e.3</subfield>
    <subfield code="w">2025-11-06</subfield>
    <subfield code="y">ISSUE</subfield>
  </datafield>
  <datafield tag="952" ind1=" " ind2=" ">
    <subfield code="0">0</subfield>
    <subfield code="1">0</subfield>
    <subfield code="2">ddc</subfield>
    <subfield code="4">0</subfield>
    <subfield code="5">6</subfield>
    <subfield code="7">0</subfield>
    <subfield code="8">SE</subfield>
    <subfield code="a">BNPHU</subfield>
    <subfield code="b">BNPHU</subfield>
    <subfield code="d">2025-11-06</subfield>
    <subfield code="h">A&#xF1;o 15, No. 44, abril, 1998</subfield>
    <subfield code="l">0</subfield>
    <subfield code="p">2025-12631</subfield>
    <subfield code="r">2025-11-06</subfield>
    <subfield code="t">e.4</subfield>
    <subfield code="w">2025-11-06</subfield>
    <subfield code="y">ISSUE</subfield>
  </datafield>
  <datafield tag="952" ind1=" " ind2=" ">
    <subfield code="0">0</subfield>
    <subfield code="1">0</subfield>
    <subfield code="2">ddc</subfield>
    <subfield code="4">0</subfield>
    <subfield code="5">6</subfield>
    <subfield code="7">0</subfield>
    <subfield code="8">SE</subfield>
    <subfield code="a">BNPHU</subfield>
    <subfield code="b">BNPHU</subfield>
    <subfield code="d">2025-11-06</subfield>
    <subfield code="h">A&#xF1;o 15, No. 44, abril, 1998</subfield>
    <subfield code="l">0</subfield>
    <subfield code="p">2025-12632</subfield>
    <subfield code="r">2025-11-06</subfield>
    <subfield code="t">e.5</subfield>
    <subfield code="w">2025-11-06</subfield>
    <subfield code="y">ISSUE</subfield>
  </datafield>
  <datafield tag="952" ind1=" " ind2=" ">
    <subfield code="0">0</subfield>
    <subfield code="1">0</subfield>
    <subfield code="2">ddc</subfield>
    <subfield code="4">0</subfield>
    <subfield code="5">6</subfield>
    <subfield code="7">0</subfield>
    <subfield code="8">SE</subfield>
    <subfield code="a">BNPHU</subfield>
    <subfield code="b">BNPHU</subfield>
    <subfield code="d">2026-02-06</subfield>
    <subfield code="h">A&#xF1;o 9, No. 30, marzo, 1993</subfield>
    <subfield code="l">0</subfield>
    <subfield code="r">2026-02-06</subfield>
    <subfield code="t">e.2</subfield>
    <subfield code="w">2026-02-06</subfield>
    <subfield code="y">ISSUE</subfield>
  </datafield>
  <datafield tag="952" ind1=" " ind2=" ">
    <subfield code="0">0</subfield>
    <subfield code="1">0</subfield>
    <subfield code="2">ddc</subfield>
    <subfield code="4">0</subfield>
    <subfield code="5">6</subfield>
    <subfield code="7">0</subfield>
    <subfield code="8">SE</subfield>
    <subfield code="a">BNPHU</subfield>
    <subfield code="b">BNPHU</subfield>
    <subfield code="d">2026-02-06</subfield>
    <subfield code="h">A&#xF1;o 9, No. 31, junio, 1993</subfield>
    <subfield code="l">0</subfield>
    <subfield code="p">2026-0801</subfield>
    <subfield code="r">2026-02-06</subfield>
    <subfield code="t">e.2</subfield>
    <subfield code="w">2026-02-06</subfield>
    <subfield code="y">ISSUE</subfield>
  </datafield>
  <datafield tag="952" ind1=" " ind2=" ">
    <subfield code="0">0</subfield>
    <subfield code="1">0</subfield>
    <subfield code="2">ddc</subfield>
    <subfield code="4">0</subfield>
    <subfield code="5">6</subfield>
    <subfield code="7">0</subfield>
    <subfield code="8">SE</subfield>
    <subfield code="a">BNPHU</subfield>
    <subfield code="b">BNPHU</subfield>
    <subfield code="d">2026-02-06</subfield>
    <subfield code="h">A&#xF1;o 9, No. 32, agosto, 1993</subfield>
    <subfield code="l">0</subfield>
    <subfield code="p">2026-0802</subfield>
    <subfield code="r">2026-02-06</subfield>
    <subfield code="t">e.2</subfield>
    <subfield code="w">2026-02-06</subfield>
    <subfield code="y">ISSUE</subfield>
  </datafield>
  <datafield tag="952" ind1=" " ind2=" ">
    <subfield code="0">0</subfield>
    <subfield code="1">0</subfield>
    <subfield code="2">ddc</subfield>
    <subfield code="4">0</subfield>
    <subfield code="5">6</subfield>
    <subfield code="7">0</subfield>
    <subfield code="8">SE</subfield>
    <subfield code="a">BNPHU</subfield>
    <subfield code="b">BNPHU</subfield>
    <subfield code="d">2026-02-06</subfield>
    <subfield code="h">A&#xF1;o 9, No. 33, diciembre, 1993</subfield>
    <subfield code="l">0</subfield>
    <subfield code="p">2026-0803</subfield>
    <subfield code="r">2026-02-06</subfield>
    <subfield code="t">e.1</subfield>
    <subfield code="w">2026-02-06</subfield>
    <subfield code="y">ISSUE</subfield>
  </datafield>
  <datafield tag="952" ind1=" " ind2=" ">
    <subfield code="0">0</subfield>
    <subfield code="1">0</subfield>
    <subfield code="2">ddc</subfield>
    <subfield code="4">0</subfield>
    <subfield code="5">6</subfield>
    <subfield code="7">0</subfield>
    <subfield code="8">SE</subfield>
    <subfield code="a">BNPHU</subfield>
    <subfield code="b">BNPHU</subfield>
    <subfield code="d">2026-02-06</subfield>
    <subfield code="h">A&#xF1;o 10, No. 34, febrero, 1994</subfield>
    <subfield code="l">0</subfield>
    <subfield code="p">2026-0804</subfield>
    <subfield code="r">2026-02-06</subfield>
    <subfield code="t">e.2</subfield>
    <subfield code="w">2026-02-06</subfield>
    <subfield code="y">ISSUE</subfield>
  </datafield>
  <datafield tag="952" ind1=" " ind2=" ">
    <subfield code="0">0</subfield>
    <subfield code="1">0</subfield>
    <subfield code="2">ddc</subfield>
    <subfield code="4">0</subfield>
    <subfield code="5">6</subfield>
    <subfield code="7">0</subfield>
    <subfield code="8">SE</subfield>
    <subfield code="a">BNPHU</subfield>
    <subfield code="b">BNPHU</subfield>
    <subfield code="d">2026-02-06</subfield>
    <subfield code="h">A&#xF1;o 4, No. 21, diciembre, 1988</subfield>
    <subfield code="l">0</subfield>
    <subfield code="p">2026-0805</subfield>
    <subfield code="r">2026-02-06</subfield>
    <subfield code="t">e.1</subfield>
    <subfield code="w">2026-02-06</subfield>
    <subfield code="y">ISSUE</subfield>
  </datafield>
  <datafield tag="999" ind1=" " ind2=" ">
    <subfield code="c">59992</subfield>
    <subfield code="d">59992</subfield>
  </datafield>
</record>
